Levante UD Squad 2017-2018 - Statistics

General Stats
  • This quiz has been taken 17 times
  • The average score is 23 of 34
Answer Stats
# Position Nation Player % Correct
10 MF North Macedonia Enis Bardhi
100%
11 FW Spain José Luis Morales
100%
- Coach Spain Paco López
100%
9 FW Spain Roger Martí
100%
14 FW Spain Ivi López
91%
8 MF Colombia Jefferson Lerma
91%
19 DF Spain Pedro López
91%
15 DF Spain Sergio Postigo
91%
6 DF Spain Chema
82%
18 DF Uruguay Erick Cabaco
82%
2 DF Spain Iván López
82%
24 MF Spain José Campaña
82%
1 GK Spain Raúl Fernández
82%
12 FW Turkey Enes Ünal
73%
3 DF Spain Toño
73%
5 MF Ivory Coast Cheick Doukouré
64%
21 FW Ghana Emmanuel Boateng
64%
23 FW Spain Jason
64%
- Coach Spain Juan Muñiz
64%
4 DF Spain Rober Pier
64%
16 MF Spain Rubén Rochina
64%
7 FW Spain Samu García
64%
7 FW Albania Armando Sadiku
55%
12 DF Spain Coke
55%
17 FW Italy Giampaolo Pazzini
55%
13 GK Spain Oier Olazábal
55%
22 DF Spain Antonio Luna
45%
25 GK Australia Mitchell Langerak
45%
20 MF Serbia Saša Lukić
45%
17 FW Spain Alex Alegría
36%
1 GK Spain Iván Villar
36%
16 FW Spain Nano Mesa
36%
27 GK Spain Koke Vegas
27%
25 FW Saudi Arabia Fahad Al-Muwallad
18%
No matching quizzes found
Score Distribution
Percent of People with Each Score
Percentile by Number Answered
Your Score History
You have not taken this quiz